000 00929nam a2200337 a 4500
005 20200104041520.0
008 140227b1996 ck ||||| |||| 00| 0 spa d
041 _aspa
044 _ack
090 _aLB
_b01387
100 _aMartínez Martínez, Luis Joel
_912083
245 _aSuelos de la Amazonia
260 _aBogotá
_bMinisterio de Educación Nacional
_c1996
300 _a134 p.
650 _aSuelos
_9287
650 _aVegetación
_912085
650 _aClima
_912086
650 _aAgua
_9161
650 _aAire
_93738
650 _aHombre
_93693
650 _aCiclo de nutrientes
_97536
650 _aCiclo del agua
_93677
650 _aInteracción ecológica
_93589
650 _aMétodos de campo
_93855
650 _aMétodos de laboratorio
_93515
650 _aUso del suelo
_93216
650 _aConservación del suelo
_98351
650 _aAmazonia
_9135
662 _aColombia
942 _cImpreso
_2z
999 _c1395
_d1395